Samvida vidhi evam maal vikriya adhiniyam evam bhagidari adhiniyam (Law of contract-II, Sale of goods act and partnershi (Record no. 105466)

MARC details
000 -LEADER
fixed length control field 00478nam a2200157Ia 4500
008 - FIXED-LENGTH DATA ELEMENTS--GENERAL INFORMATION
fixed length control field 230917s9999||||xx |||||||||||||| ||und||
040 ## - CATALOGING SOURCE
-- 157561
Original cataloging agency VIVEKANANDA LIBRARY
041 ## - Language
-- English
082 ## - DDC NUMBER
Classification number 346.022 K143S
100 ## - MAIN ENTRY--PERSONAL NAME
Personal name Kapoor, S.K.
245 #0 - TITLE STATEMENT
Title Samvida vidhi evam maal vikriya adhiniyam evam bhagidari adhiniyam (Law of contract-II, Sale of goods act and partnershi
250 ## - EDITION STATEMENT
Edition statement 11th ed.
260 ## - PUBLICATION, DISTRIBUTION, ETC. (IMPRINT)
Place of publication, distribution, etc Allahabad
Name of publisher, distributor, etc Central Law Agency
Date of publication, distribution, etc 1999
300 ## - PHYSICAL DESCRIPTION
Pages 240 p.
942 ## - ADDED ENTRY ELEMENTS (KOHA)
Koha item type Books
Holdings
Withdrawn status Lost status Damaged status Not for loan Location (home branch) Sublocation or collection (holding branch) Date acquired Koha issues (times borrowed) Koha full call number Accession No. Koha date last seen Koha item type
        VIVEKANANDA LIBRARY VIVEKANANDA LIBRARY 29/06/2010   346.022 K143S 190801 17/09/2023 Books
© Designed and Maintained by Vivekananda Library, MDU Rohtak